Mathematical experiments on the computer /
Guardado en:
| Autor Principal: | |
|---|---|
| Formato: | Libro |
| Idioma: | English |
| Publicado: |
New York :
Academic Press,
1982.
|
| Series: | Pure and applied mathematics (Academic Press) ;
105. |
| Materias: | |
| Etiquetas: |
Agregar Etiqueta
Sin Etiquetas, Sea el primero en etiquetar este registro!
|
| LEADER | 01601pam a2200241 a 4500 | ||
|---|---|---|---|
| 001 | MAT.inmabb004284 | ||
| 008 | 820712s1982####nyua#####b####001#0#eng## | ||
| 005 | 20130318104503.0 | ||
| 245 | 1 | 0 | |a Mathematical experiments on the computer / |c Ulf Grenander. |
| 260 | |a New York : |b Academic Press, |c 1982. | ||
| 300 | |a xviii, 525 p. : |b il. ; |c 24 cm. | ||
| 490 | 1 | |a Pure and applied mathematics ; |v 105 | |
| 504 | |a Bibliografía: p. 498-501. | ||
| 505 | 0 | |a Part I, Experiments on the computer: 1. Definition of the subject -- 2. History of the project -- 3. Case studies -- 4. Other areas -- 5. Software requirements -- 6. Hardware requirements -- 7. Practical advice. Part II, A mathematician's guide to APL: 8. Language for mathematical experiments -- 9. Mathematical objects -- -data structures -- 10. Functions -- -APL statements -- 11. APL operators -- 12. APL programs -- -defined functions. Part III, Designing mathematical experiments: 13. Designing the experiment -- 14. An experiment in heuristic asymptotics. Part IV, Mathematical software for experiments: 15. Organizing a program library -- 16. Algebra -- 17. Analysis -- 18. Arithmetic -- 19. Asymptotics -- 20. Geometry -- 21. Graphs -- 22. Probability -- 23. Special functions -- 24. Statistics -- 25. Utilities. | |
| 510 | 4 | |a MR, |c 85f:00016 | |
| 020 | |a 0123017505 | ||
| 100 | 1 | |a Grenander, Ulf. | |
| 830 | 0 | |a Pure and applied mathematics (Academic Press) ; |v 105. | |
| 650 | 0 | |a Mathematics |x Data processing. | |
| 084 | |a 00A69 (65-04 68U20) |2 MR | ||
| 010 | |a 82013718 | ||
| 040 | |a DLC |c DLC |d DLC | ||
| 859 | |h 00A69 |i G826 |p A-6046 |b BIB. MATEMATICA | ||
